Parliamentary Memorandum by The Minister for Finance on the Request for Approval for the Waiver of Tax Liability Amounting to US (Record no. 1877)
[ view plain ]
| 000 -LEADER | |
|---|---|
| fixed length control field | 00825nam a2200145Ia 4500 |
| 008 - FIXED-LENGTH DATA ELEMENTS--GENERAL INFORMATION | |
| fixed length control field | 240429s9999||||xx |||||||||||||| ||und|| |
| 041 ## - LANGUAGE CODE | |
| Language code of text/sound track or separate title | eng |
| 082 ## - DEWEY DECIMAL CLASSIFICATION NUMBER | |
| Classification number | PM/1D1F/19 |
| 100 ## - MAIN ENTRY--PERSONAL NAME | |
| Personal name | Minister for Finance |
| 245 #0 - TITLE STATEMENT | |
| Title | Parliamentary Memorandum by The Minister for Finance on the Request for Approval for the Waiver of Tax Liability Amounting to US |
| -- | 22151, Equivalent to 1144723 cedis in Favour of Yedent Agro Bulk Processing Company under the One District One Factory(1D1F) Progtamme. 2019 |
| 300 ## - PHYSICAL DESCRIPTION | |
| Extent | 13p,tabs |
| 650 ## - SUBJECT ADDED ENTRY--TOPICAL TERM | |
| Topical term or geographic name entry element | Parliamentary Memorandum by The Minister for Finance on the Request for Approval - Waiver of Tax Liability Amounting to US |
| Source of heading or term | 22151, Equivalent to 1144723 cedis in Favour - Yedent Agro Bulk Processing Company under the One District One Factory(1D1F) Progtamme. 2019 |
| 942 ## - ADDED ENTRY ELEMENTS (KOHA) | |
| Koha item type | Memorandum |
| Withdrawn status | Lost status | Damaged status | Not for loan | Home library | Current library | Shelving location | Date acquired | Total checkouts | Full call number | Date last seen | Copy number | Price effective from | Koha item type |
|---|---|---|---|---|---|---|---|---|---|---|---|---|---|
| Main Library | Main Library | Open Shelves | 30/11/2022 | PM/1D1F/19 3747 | 29/04/2024 | 1 | 29/04/2024 | Memorandum |